000 00547cam a2200193 a 4500
003 OSt
005 20171025213424.0
008 980430s1998 enk b 001 0 eng
010 _a 98024207
040 _aDLC
_cDLC
_dDLC
082 0 0 _a342
_222
_bYAR
100 1 _aYardley, D.C.M.
_9446
245 1 3 _aIntroduction to British Constitutional Law /
_cD.C.M. Yardley.
250 _a2nd ed.
260 _aLondon ;
_bButterworth and Co,
_c1964.
300 _axv, 155 p. ;
_c23 cm.
650 0 _aConstitutional law
_zGreat Britain.
_9447
942 _2ddc
_cBK
999 _c159
_d159